000 00646nam a2200241 a 4500
999 _c5224
_d5224
001 5224
003 BD-JhCC
005 20171210202731.0
008 171210s1998 n a|||| || | 000 0 eng d
020 _a9781405320290
035 _a(BD-JhCC)5224
040 _aBD-JhCC
_dBD-JhCC
041 _aeng
082 _a423.1
_bDKL 2007
245 _aDK Illustrated Oxford Dictionary /
_cDorling Kindersley
260 _aNew York :
_bDorling Kindersley,
_c2007.
300 _a1007 p. :
_c26 cm.
_billus;
650 _aPicture Dictionary, English
650 _aEnglish language
710 _aDorling Kindersley
942 _2ddc
_cREF